LEADER 03826oam 22009014a 450 001 9910458584003321 005 20211028114837.0 010 $a1-4473-0189-7 010 $a1-282-98577-9 010 $a9786612985775 010 $a1-84742-958-0 035 $a(CKB)2560000000050965 035 $a(EBL)665313 035 $a(OCoLC)703156103 035 $a(SSID)ssj0000467838 035 $a(PQKBManifestationID)12156532 035 $a(PQKBTitleCode)TC0000467838 035 $a(PQKBWorkID)10505482 035 $a(PQKB)11358539 035 $a(UtOrBLW)PPO00018 035 $a(MiAaPQ)EBC665313 035 $a(Au-PeEL)EBL665313 035 $a(CaPaEBR)ebr10445354 035 $a(CaONFJC)MIL298577 035 $a(OCoLC)1148077801 035 $a(MdBmJHUP)musev2_80252 035 $a(EXLCZ)992560000000050965 100 $a20110221d2008 uy 0 101 0 $aeng 135 $aur|n|---||||| 181 $ctxt 182 $cc 183 $acr 200 10$aCommunities, identities and crime$fBasia Spalek 210 1$aBristol, UK :$cPolicy,$d2008. 210 4$dİ2008. 215 $a1 online resource (247 p.) 300 $aDescription based upon print version of record. 311 $a1-86134-804-5 311 $a1-86134-805-3 320 $aIncludes bibliographical references and index. 327 $tSocial identites in late modernity: offender and victim identity constructions --$tEquality and diversity agendas in criminal justice --$tResearching identitles and communities: key epistemological, methodological and ethical dilemmas --$tCommunities and criminal justice: engaging legitimised, project and resistance identities --$tGender, crime, victimisation and criminal justice --$tRace, crime and criminal justice --$tFaith identities, crime and criminal justice --$tLesbian, gay, bisexual and transgender communities, crime, victimisation and criminal justice --$tAgeing, disability, criminology and criminal justice. 330 $aThis title provides a critical and refreshing perspective on the most significant developments in relation to equality and diversity issues that feature in the policies and practices of all criminal justice agencies. 606 $aHate crimes$2fast$3(OCoLC)fst00951873 606 $aDiscrimination in criminal justice administration$2fast$3(OCoLC)fst00895034 606 $aCriminal psychology$2fast$3(OCoLC)fst00883467 606 $aCriminal justice, Administration of$2fast$3(OCoLC)fst00883246 606 $aCrime prevention$xCitizen participation$2fast$3(OCoLC)fst00883056 606 $aCommunity policing$2fast$3(OCoLC)fst00871129 606 $aSOCIAL SCIENCE$xCriminology$2bisacsh 606 $aHate crimes 606 $aCommunity policing 606 $aCrime prevention$xCitizen participation 606 $aCriminal psychology 606 $aDiscrimination in criminal justice administration 606 $aCriminal justice, Administration of 608 $aElectronic books. 615 0$aHate crimes. 615 0$aDiscrimination in criminal justice administration. 615 0$aCriminal psychology. 615 0$aCriminal justice, Administration of. 615 0$aCrime prevention$xCitizen participation. 615 0$aCommunity policing. 615 0$aSOCIAL SCIENCE$xCriminology. 615 0$aHate crimes. 615 0$aCommunity policing. 615 0$aCrime prevention$xCitizen participation. 615 0$aCriminal psychology. 615 0$aDiscrimination in criminal justice administration. 615 0$aCriminal justice, Administration of. 676 $a364.08 700 $aSpalek$b Basia$0803463 801 0$bMdBmJHUP 801 1$bMdBmJHUP 906 $aBOOK 912 $a9910458584003321 996 $aCommunities, identities and crime$91972489 997 $aUNINA LEADER 02344nam 2200673 a 450 001 9910954895203321 005 20240516182917.0 010 $a9781281252593 010 $a128125259X 010 $a9781847192417 010 $a1847192416 035 $a(CKB)1000000000774620 035 $a(EBL)944980 035 $a(OCoLC)796383997 035 $a(SSID)ssj0000336828 035 $a(PQKBManifestationID)12061763 035 $a(PQKBTitleCode)TC0000336828 035 $a(PQKBWorkID)10283954 035 $a(PQKB)11050572 035 $a(Au-PeEL)EBL944980 035 $a(CaPaEBR)ebr10453745 035 $a(CaONFJC)MIL125259 035 $a(PPN)228016193 035 $a(FR-PaCSA)88852246 035 $a(MiAaPQ)EBC944980 035 $a(FRCYB88852246)88852246 035 $a(DE-B1597)722127 035 $a(DE-B1597)9781847192417 035 $a(EXLCZ)991000000000774620 100 $a20110408d2007 uy 0 101 0 $aeng 135 $aur|n|---||||| 181 $ctxt 182 $cc 183 $acr 200 10$aDocumentum content management foundations $eEMC proven professional certification exam E20-120 study guide : learn the technical fundamentals of the EMC documentum platform while effectively preparing for the E20-120 exam /$fPawan Kumar 205 $a1st ed. 210 $aBirmingham, U.K. $cPackt Pub.$d2007 215 $a1 online resource (285 p.) 225 1 $aFrom technologies to solutions 300 $aIncludes index. 311 08$a9781847192400 311 08$a1847192408 327 $apt. 1. Fundamentals -- pt. 2. Security -- pt. 3. User interface -- pt. 4. Application development -- pt. 5. Advanced concepts. 330 $aLearn the technical fundamentals of the EMC Documentum platform while effectively preparing for the E20-120 exam 410 0$aFrom technologies to solutions. 606 $aWeb sites$xManagement$xExaminations$vStudy guides 606 $aDatabase management$xExaminations$vStudy guides 615 0$aWeb sites$xManagement$xExaminations 615 0$aDatabase management$xExaminations 676 $a005.74 700 $aKumar$b Pawan$01796674 801 0$bMiAaPQ 801 1$bMiAaPQ 801 2$bMiAaPQ 906 $aBOOK 912 $a9910954895203321 996 $aDocumentum content management foundations$94338577 997 $aUNINA